000 nam a22 a 4500
999 _c436998
_d436998
003 BLK
005 20211115162232.0
008 180411b bul|||||r ||||||| ||bul||
010 _aKNG00204894000
040 _aBLK
041 _aRUS
_cRUS
080 _aКонституции. Законодателни събрания. Народни събрания
_b342.4
_x(7/8)
_z342.4(7/8)
139 _aКонституции государств Американского континента
_bК 83
245 1 0 _aКонституции государств Американского континента
_bI
_cПер. под ред. д-ра юрид. наук проф. Г. С. Гурвича.
260 _bИзд. иностр. лит.
_c1957
_9439095
_aМосква
300 _a434 с.
_c20 см
380 _a3
650 7 _aКонституционно право
_9159201
852 _aЦб 10520
_bЦб
942 _cKNG
_n0
_s1
944 _aCR
_c2021-11-15
_kРенета Константинова